00242nam a22001097a 4500041000800000082001300008100002100021245002900042260003600071300000800107650001700115 aENG a248bKHA aKhan Wahiduddin  aLeading a Spiritual Life aNew DelhibGoodword Booksc2023 a360 aSpirituality